Normal view
MARC view
Entry Personal Name
001 - CONTROL NUMBER
- control field: 14490
003 - CONTROL NUMBER IDENTIFIER
- control field: dpl
005 - DATE AND TIME OF LATEST TRANSACTION
- control field: 20100817163348.0
008 - FIXED-LENGTH DATA ELEMENTS
- fixed length control field: 100817|||a|||||| | ||| d
040 ## - CATALOGING SOURCE
- Original cataloging agency: dpl
- Transcribing agency: dpl
100 ## - HEADING--PERSONAL NAME
- Personal name: Chadha, P.R.
670 ## - SOURCE DATA FOUND
- Source citation: Work cat.: (dpl)41980: Chadha, P.R., Business and industrial laws /, 2010
670 ## - SOURCE DATA FOUND
- Source citation: Work cat.: (dpl)41980: Chadha, P.R., Business and industrial laws /, 2010
